000 00407nam a2200157 i 4500
001 50815
003 ES-MaACL
005 20230906162237.0
007 t|
008 030806s1976 sp ||||1| spa d
100 1 _aChamizo, Patricio.
_937881
245 1 0 _aDon Benito /
_cPatricio Chamizo.
260 _a[Madrid] :
_bH.O.A.C.,
_c[1976]
300 _a159 p. ;
_c17 cm.
852 _aES-MaACL
_jA-7294
_bR.96523
999 _c50815
_d50815